Films with Feelings Quiz Stats

 Plays Quiz Updated Aug 17, 2015

Challenge
Share
Tweet
Embed
Score 0/34 Timer 04:00
11 Plays Today
% Correct
Misérables
96.5%
Lost
95.7%
Amazing
95.2%
Sleepy
94.9%
Happy
94.8%
Confused
94.6%
Free
93.8%
Curious
93.6%
Nutty
93.2%
Wonderful
92.9%
Hurt
91.5%
Sorry
90.6%
Rotten
90.3%
Lonely
89.3%
Panic
89.3%
Afraid
89.2%
Grumpy
85.2%
% Correct
Inspired
82.7%
Spirited
80.6%
O.K.
80.4%
Scared
80.4%
Blue
79.4%
Guilty
79.1%
Awful
77.2%
Brave
76%
Merry
71%
Suspicious
70.9%
Mighty
70%
Shy
68.3%
Calm
67.7%
Crazy
66.6%
Mad
65.9%
Lucky
62.4%
Angry
60.8%

You're not logged in!

Compare scores with friends on all Sporcle quizzes.
Join for Free
OR
Log In

You Might Also Like...

Show Comments

Extras

Top Quizzes Today


Score Distribution

Your Account Isn't Verified!

In order to create a playlist on Sporcle, you need to verify the email address you used during registration. Go to your Sporcle Settings to finish the process.

Report this User

Report this user for behavior that violates our Community Guidelines.

Details: